| 000 | 00437cam a2200181ua 4500 | ||
|---|---|---|---|
| 001 | 1116 | ||
| 008 | 110428n ii |||gr||||Z||||||eng | ||
| 040 | _cMAIN | ||
| 082 | _a323.4 | ||
| 245 | 1 |
_aManab adhikar. _cBy Jagwesar Borah. |
|
| 250 | _a1st. | ||
| 260 |
_aJorhat.: _bUnika prasashan, _c2008. |
||
| 300 |
_a212 p.: _c20 cm. |
||
| 653 | _aPolitical science. | ||
| 653 | _aManab adhikar. | ||
| 700 | 1 | _aBorah, Jagwesar., | |
| 942 | _cBK | ||
| 999 |
_c1031 _d1031 |
||